Jenna Ortega - Roles by Picture - Statistics

General Stats
  • This quiz has been taken 240 times
  • The average score is 8 of 26
Answer Stats
Picture Answer % Correct
Wednesday Addams
89%
Goody Addams
68%
Tara Carpenter
63%
Vada Cavell
59%
Harley Diaz
48%
Katie Torres
47%
Phoebe Atwell
46%
Lorraine Day
41%
Ellie Alves
36%
Camila
33%
Vice President's Daughter
32%
Brooklynn
29%
Darcy
29%
Princess Isabel
26%
Annie
21%
Nina
21%
Skye Willow
20%
Izzy
18%
Dawn
17%
Hayley
16%
Young Jane Villanueva
16%
Anna
14%
Elena Mendoza
13%
Gabriella Espinosa
13%
Little Girl
12%
Princess Buttercup
9%
No matching quizzes found
Score Distribution
Percent of People with Each Score
Percentile by Number Answered
Your Score History
You have not taken this quiz